| Tag |
First Indicator |
Second Indicator |
Subfields |
| LEADER |
00000cam a2200000 a 4500 |
| 001 |
in00000002498 |
| 005 |
20151007050712.0 |
| 008 |
971020s1997 nvuab b f000 0 eng d |
| 035 |
|
|
|a (OCoLC)37810837
|
| 035 |
|
|
|9 AJD1003AM
|
| 040 |
|
|
|d IQU
|d IUL
|d GPO
|d DLC
|d MvI
|d UtOrBLW
|
| 043 |
|
|
|a n-us-nv
|a n-us-ca
|
| 049 |
|
|
|a UDOC
|
| 074 |
|
|
|a 0621-L
|
| 086 |
0 |
|
|a I 19.127:123-97
|
| 090 |
|
|
|a GB1399.4.N3
|b F56 1997
|
| 245 |
0 |
0 |
|a Flood of January 1997 in the Truckee River Basin, western Nevada.
|
| 264 |
|
1 |
|a [Washington, D.C.] :
|b U.S. Dept. of the Interior, U.S. Geological Survey,
|c [1997]
|
| 300 |
|
|
|a 2 unnumbered pages :
|b color illustrations, color map ;
|c 28 cm.
|
| 336 |
|
|
|a text
|b txt
|2 rdacontent
|
| 337 |
|
|
|a unmediated
|b n
|2 rdamedia
|
| 338 |
|
|
|a volume
|b nc
|2 rdacarrier
|
| 490 |
1 |
|
|a Fact sheet ;
|v FS-123-97
|
| 500 |
|
|
|a Caption title.
|
| 500 |
|
|
|a Shipping list number: 97-0369-P.
|
| 500 |
|
|
|a "August 1997"--P. [2].
|
| 504 |
|
|
|a Includes bibliographical references (page [2]).
|
| 650 |
|
0 |
|a Floods
|z Truckee River (Calif. and Nev.)
|
| 650 |
|
0 |
|a Floods
|z Nevada
|z Reno Region.
|
| 710 |
2 |
|
|a Geological Survey (U.S.)
|
| 830 |
|
0 |
|a Fact sheet (Geological Survey (U.S.)) ;
|v FS-97-123.
|
| 999 |
|
|
|a MARS
|
| 999 |
f |
f |
|s 93f75f16-2d86-32d5-9d7f-10fcf1e1f824
|i 3ecba2a7-1909-3105-9b40-21ffa921b1b6
|t 0
|
| 952 |
f |
f |
|p normal
|a Texas A&M University
|b College Station
|c Sterling C. Evans Library
|d Evans: US Documents (Annex 5th floor)
|t 0
|e I 19.127:123-97
|h Superintendent of Documents classification
|i unmediated -- volume
|m A14821784072
|
| 998 |
f |
f |
|a I 19.127:123-97
|t 0
|l Evans: US Documents (Annex 5th floor)
|